Shades of difference : (Record no. 139354)

MARC details
000 -LEADER
fixed length control field 00559nam a22001697a 4500
005 - DATE AND TIME OF LATEST TRANSACTION
control field 20170428143257.0
010 ## - LCCN (DPL NO)
LC control number ENG-117981
020 ## - INTERNATIONAL STANDARD BOOK NUMBER
International Standard Book Number 9789383166084
Terms of availability 850.00
035 ## - SYSTEM CONTROL NUMBER
System control number EN-101513
037 ## - SOURCE OF ACQUISITION
Source of stock number/acquisition DBAD/PUB
082 ## - DEWEY DECIMAL CLASSIFICATION NUMBER
Classification number 863.1092
245 ## - TITLE STATEMENT
Title Shades of difference :
Statement of responsibility, etc by Radha Chakraverty
Remainder of title selected works of Rabindra Nath Tagore /
260 ## - PUBLICATION, DISTRIBUTION, ETC. (IMPRINT)
Place of publication, distribution, etc Telagana
Name of publisher, distributor, etc Orient Blackswan
Date of publication, distribution, etc 2017
270 ## - ADDRESS
Address 3-6-752,Himayatnagar
City Telagana (Hydrabad)
Postal code 500029
300 ## - PHYSICAL DESCRIPTION
Extent xvi,291p. :
Dimensions 23 cm(Hb)
Other physical details ill.
Accompanying material CD-ROMs
942 ## - ADDED ENTRY ELEMENTS (KOHA)
Source of classification or shelving scheme Dewey Decimal Classification
Item type English Books
Classification part 863.1092
Call number suffix SHA
Holdings
Withdrawn status Lost status Not for loan Collection code Home library Current library Date acquired Source of acquisition Cost, normal purchase price Full call number Barcode Copy number Cost, replacement price Koha item type
    Not For Loan Non-fiction D.B.Act.Division Bawana 28/04/2017 DBAD/PUB 850.00 863.1092 SHA EN-101513 1 850.00 English Books

© Delhi Public Library
Hit Counter
free hit counter